[Event "2nd Cairns Cup 2020"]
[Site "Saint Louis"]
[Date "2020.02.07"]
[Round "1.1"]
[White "Muzychuk, Mariya"]
[Black "Ju, Wenjun"]
[Result "1/2-1/2"]
[WhiteElo "2552"]
[BlackElo "2583"]
[Annotator "TA"]
[PlyCount "79"]
[EventDate "2020.02.07"]
[EventCountry "USA"]
[SourceTitle "playchess.com"]
[Source "ChessBase"]
[SourceQuality "1"]

{[%evp 15,79,15,35,37,35,22,31,16,26,23,31,23,32,32,35,38,39,29,39,37,36,23,39,33,58,67,54,29,37,12,17,13,18,17,28,10,19,-1,12,8,8,0,8,8,10,0,0,0,6,0,7,2,7,7,7,2,8,0,0,0,0,0,0,0,0,0]} 1. e4 e5 2. Nf3 Nf6 3. Nxe5 d6 4. Nf3 Nxe4 5. Nc3 Nxc3 6. dxc3 Be7 7. Be3 Nc6 8. Qd2 Be6 9. O-O-O {C42: Petroff Defence: 3 Nxe5 and unusual White 3rd moves.} Qd7 ({Avoid the trap} 9... Bxa2 $2 10. b3 $18) 10. h3 h6 ({Much weaker is} 10... Bxa2 $6 11. b3 $18) 11. Kb1 {White is slightly better.} O-O-O 12. Nd4 Nxd4 13. Bxd4 Rhg8 14. Qe3 a6 15. c4 {[#]} Kb8 $146 ({Predecessor:} 15... d5 16. Be2 Qc6 17. c5 Kb8 18. b4 Bf6 19. Bxf6 gxf6 20. Bf3 Bf5 21. Rd4 Be4 22. Qxh6 {1-0 (42) Feletar,D-Demchenko,I (2147) ICCF email 2015}) 16. Qc3 g6 17. Be2 Qc6 18. h4 h5 19. b3 Bg4 20. Bxg4 hxg4 21. g3 Rde8 22. h5 gxh5 23. Rxh5 Qe4 24. Be3 Rg6 25. Re1 {[#] Black must now prevent Ba7+!} Bf6 $1 {[%cal Rf6c3] The position is equal.} 26. Qd3 Kc8 (26... Qxd3 {seems wilder.} 27. cxd3 Bd4 28. Kc2 Bxe3 29. Rxe3 Rxe3 30. fxe3 Rf6) 27. Kc1 (27. Reh1 {is more complex.} Qe6 28. c5 Be5 29. Re1 Bg7 30. Rd1) 27... Kd7 28. Kd2 Qxd3+ 29. cxd3 c5 30. Reh1 Be5 31. Rh7 Re7 32. a4 Rge6 33. R7h6 Rxh6 34. Rxh6 $11 {[%mdl 4096] Endgame KRB-KRB} f5 35. Rh5 Rf7 36. Rg5 Ke7 37. Ke2 Rf8 38. Rh5 Ke6 39. Rh6+ Ke7 40. Rh5 {Accuracy: White = 96%, Black = 97%.} 1/2-1/2

[Event "2nd Cairns Cup 2020"]
[Site "Saint Louis"]
[Date "2020.02.07"]
[Round "1.2"]
[White "Koneru, Humpy"]
[Black "Yip, Carissa"]
[Result "1-0"]
[WhiteElo "2580"]
[BlackElo "2412"]
[Annotator "TA"]
[PlyCount "80"]
[EventDate "2020.02.07"]
[EventCountry "USA"]
[SourceTitle "playchess.com"]
[Source "ChessBase"]
[SourceQuality "1"]

{[%evp 14,80,62,34,54,27,46,14,0,20,34,0,0,0,0,0,21,14,37,8,27,21,19,0,0,-29,27,23,30,27,19,58,53,56,51,50,62,62,50,44,33,15,22,17,27,0,123,117,126,117,140,141,301,426,383,308,297,284,1264,1257,1390,1359,1144,1052,1287,1197,1025,880,1156]} 1. d4 Nf6 2. c4 g6 3. Nc3 Bg7 4. e4 d6 5. Be2 O-O 6. Be3 e5 7. d5 Na6 8. h4 Nc5 {E73: King's Indian: Averbakh Variation without 6...c5.} 9. Qc2 (9. Bxc5 $5 dxc5 10. h5 $11) 9... c6 10. h5 (10. Bxc5 $5 dxc5 11. h5 $11) 10... cxd5 {The position is equal.} 11. cxd5 Qa5 {White must now prevent ...Ncxe4.} 12. Bd2 {[#]} Bd7 $146 ({Predecessor:} 12... Nxh5 13. a3 Qb6 14. b4 Nd7 15. Bxh5 gxh5 16. Rxh5 Nf6 17. Rh4 Ng4 18. Nh3 f5 {½-½ (33) Bluebaum,M (2643)-Markos,J (2559) Heraklion 2017}) 13. h6 Bh8 14. Nh3 Qc7 15. Ng5 Rac8 16. Qd1 a5 17. O-O Qd8 18. Rb1 Ne8 19. b3 f6 (19... Bf6 $142 20. Nf3 Be7) 20. Ne6 $11 Nxe6 21. dxe6 Bxe6 22. Bc4 Nc7 23. Nb5 Qd7 24. Nxc7 Bxc4 25. bxc4 Qxc7 26. Qb3 $36 {[%mdl 2048] White has good play.} Qxc4 27. Bxa5 Qxb3 28. Rxb3 Rf7 29. Rfb1 Rb8 (29... f5 $11) 30. Bd2 $1 $16 f5 {[#]} 31. a4 $1 {[%cal Ba2a4,Ba4a5][%mdl 32]} fxe4 {[#]} 32. a5 $1 Rbf8 $2 {This costs Black the game.} (32... Ra8 $16) 33. Rxb7 $18 Rxf2 34. Bb4 e3 {Strongly threatening ...e4.} 35. Bxd6 Re8 $2 (35... R8f4) 36. Rb8 {White is clearly winning.} Rxb8 37. Rxb8+ Kf7 38. Rxh8 Rb2 39. Kf1 Ke6 40. Bc5 Kd5 {Accuracy: White = 77%, Black = 70%.} 1-0

[Event "2nd Cairns Cup 2020"]
[Site "Saint Louis"]
[Date "2020.02.07"]
[Round "1.3"]
[White "Lagno, Kateryna"]
[Black "Harika, Dronavalli"]
[Result "1/2-1/2"]
[WhiteElo "2552"]
[BlackElo "2518"]
[Annotator "TA"]
[PlyCount "73"]
[EventDate "2020.02.07"]
[EventCountry "USA"]
[SourceTitle "playchess.com"]
[Source "ChessBase"]
[SourceQuality "1"]

{[%evp 26,73,8,-7,-26,-20,-12,-17,-17,-25,-20,-10,-16,-13,24,-23,-29,-22,-31,-27,37,42,33,37,50,41,49,5,20,14,15,8,15,15,15,15,15,15,15,15,16,16,16,16,16,24,13,5,8,12]} 1. e4 c5 2. Nf3 d6 3. d4 cxd4 4. Nxd4 Nf6 5. Nc3 a6 6. Be3 Ng4 7. Bc1 Nf6 8. a4 g6 9. Be2 Bg7 10. O-O O-O 11. Be3 Nc6 12. Qd2 Bd7 13. f4 {13.f3 is becoming the main line.} Rc8 14. Kh1 Re8 {[#] B73: Sicilian Dragon: Classical System without 9 Nb3.} 15. Rad1 $146 ({Predecessor:} 15. Bf3 Qc7 16. Qf2 Na5 17. Ne6 Bxe6 18. Bb6 Qb8 19. Bxa5 Nd7 20. Nd1 Rc5 21. Bb4 {1-0 (51) Garcia Rodriguez,S (1975)-Capote Robayna,J (1763) Tenerife 2011}) 15... Qa5 16. Nb3 Qb4 17. e5 Ne4 18. Nxe4 Qxe4 19. a5 Qb4 20. Bf3 Be6 21. exd6 exd6 22. Bb6 Qxd2 (22... Bxb2 $11 23. Qxd6 Qc3) 23. Nxd2 $14 d5 24. c3 Nb8 {[%cal Bc6b8,Bb8d7,Bd7f6][%mdl 32]} 25. Nb3 Nd7 26. Bf2 Nf6 27. Nc5 Bg4 28. Rfe1 Bxf3 29. gxf3 Rxe1+ 30. Rxe1 Bf8 31. b4 Bxc5 32. Bxc5 $11 {KRB-KRN} Re8 33. Rd1 Nh5 34. f5 f6 35. fxg6 hxg6 36. Bd6 Re3 37. Rxd5 {Accuracy: White = 89%, Black = 88%.} 1/2-1/2

[Event "2nd Cairns Cup 2020"]
[Site "Saint Louis"]
[Date "2020.02.07"]
[Round "1.4"]
[White "Dzagnidze, Nana"]
[Black "Gunina, Valentina"]
[Result "1-0"]
[WhiteElo "2515"]
[BlackElo "2461"]
[Annotator "TA"]
[PlyCount "77"]
[EventDate "2020.02.07"]
[EventCountry "USA"]
[SourceTitle "playchess.com"]
[Source "ChessBase"]
[SourceQuality "1"]

{[%evp 9,83,-6,19,0,0,6,10,3,33,18,54,28,69,34,69,63,99,92,90,61,79,82,81,63,118,130,141,123,206,195,238,258,267,194,342,282,289,284,298,302,326,319,283,152,418,405,388,369,359,246,278,262,273,0,441,441,418,416,610,606,896,840,2631,2756,1992,1869,1525,1495,6295,6207,6079,5787,5293,5281,6402,6215]} 1. d4 Nf6 2. Bg5 d5 3. e3 c5 4. c3 Nc6 5. Nd2 {[#]} Bg4 $146 ({Predecessor:} 5... cxd4 6. exd4 h6 7. Bxf6 gxf6 8. Ne2 e5 9. g3 h5 10. Bg2 Be6 11. h4 Qd7 {0-1 (65) Vitiugov,N (2747)-Bluebaum,M (2644) Moscow 2019}) 6. Qa4 {D00: 1 d4 d5: Unusual lines.} cxd4 7. exd4 a6 8. Ngf3 {The position is equal.} b5 9. Qc2 Qd6 10. Bd3 Rc8 11. O-O e6 12. Qb1 $36 {[%mdl 2048] White is pushing.} Nd7 13. a4 Qb8 14. axb5 axb5 15. Bxh7 Be7 16. Bxe7 Kxe7 (16... Nxe7 $14 17. Bd3 b4) 17. Bd3 $16 g5 {[#] Threatens to win with ...Bxf3.} 18. g3 $1 Rcg8 (18... Rh5 $16 {was worth a try.}) 19. Ra6 $18 Bxf3 20. Nxf3 g4 21. Nd2 (21. Rxc6 gxf3 22. Qd1 Qb7 $11) 21... Qf8 (21... Qb7 {was necessary.} 22. Qa1 b4) 22. Rd1 (22. Rxc6 Rxh2 23. Kxh2 Qh6+ 24. Kg1 Rh8 $16) 22... Ncb8 23. Ra8 Qh6 24. Nf1 b4 25. Bb5 (25. cxb4 $6 Rc8 $18) 25... Rc8 26. Qd3 (26. cxb4 $6 Nf6 $18) (26. Ra7 $18) 26... e5 $2 (26... bxc3 $16 27. bxc3 Nf6) 27. Bxd7 ({Less strong is} 27. dxe5 Nxe5 28. Qe3 Qxe3 $18) 27... Nxd7 28. Rxc8 Rxc8 29. dxe5 ({Don't take} 29. cxb4 e4 $18) 29... Nxe5 30. Qxd5 Nf3+ 31. Kg2 $2 (31. Kh1 $18 Qc6 32. Qxc6 (32. cxb4 Qxd5 33. Rxd5 Rc1 $11) 32... Rxc6 33. cxb4) 31... Qe6 $2 {[%mdl 8192]} (31... Qh3+ $1 $11 32. Kh1 Kf6 33. cxb4 Rh8 34. Qc6+ Kg7 35. Qc3+ Kg6 36. Rd6+ Kh7) 32. Qb7+ Kf6 33. Qxb4 Kg7 (33... Rc4 $142) 34. Ne3 {White is clearly winning.} Ne5 35. Rd6 Qe8 36. Nf5+ Kg8 37. Qf4 Ng6 38. Qxg4 Qe5 {[#]} 39. Nh6+ {Played: Nf5-e7} 1-0

[Event "2nd Cairns Cup 2020"]
[Site "Saint Louis"]
[Date "2020.02.07"]
[Round "1.5"]
[White "Kosteniuk, Alexandra"]
[Black "Krush, Irina"]
[Result "1/2-1/2"]
[WhiteElo "2504"]
[BlackElo "2422"]
[Annotator "TA"]
[PlyCount "101"]
[EventDate "2020.02.07"]
[EventCountry "USA"]
[SourceTitle "playchess.com"]
[Source "ChessBase"]
[SourceQuality "1"]

{[%evp 23,101,0,0,0,5,0,0,0,7,-20,-20,-31,-33,-23,-25,-27,-24,-21,-23,-29,-21,-21,-22,-16,0,0,0,-12,0,0,0,0,0,-17,-4,-9,-10,-3,-3,-6,-6,-15,-15,-15,-16,-28,-12,-26,-6,-4,0,-2,0,-3,0,0,0,0,0,0,0,0,0,0,0,0,0,0,0,0,0,0,0,0,0,0,0,0,0,0]} 1. e4 c5 2. c3 d5 3. exd5 Qxd5 4. d4 Nf6 5. Nf3 e6 6. Be2 Nc6 7. O-O cxd4 8. cxd4 Be7 9. Nc3 Qd6 10. Nb5 Qd8 11. Bf4 Nd5 12. Bg3 O-O 13. Rc1 {B22: Sicilian: 2 c3.} Bd7 14. Nd6 {[#]} Bxd6 $146 ({Predecessor:} 14... Na5 15. b4 Nxb4 16. Nxf7 Rxf7 17. Bc7 Qe8 18. Bxa5 {½-½ (76) Alekseev,E (2673)-Bukavshin,I (2607) Vladivostok 2014}) 15. Bxd6 Nce7 16. Qd2 a6 17. Ba3 Bb5 18. Bxb5 axb5 19. Ne5 Ra4 20. Qd1 Qe8 {Threatens to win with ...b4.} 21. Bc5 b6 ({Of course not} 21... Rxa2 22. Ba3 $14) 22. Bxe7 Qxe7 23. a3 Rfa8 24. Nc6 Qd6 25. Qf3 Rc4 26. Ne5 $1 Rc7 27. Rc6 Qe7 ({Reject} 27... Rxc6 $6 28. Qxf7+ Kh8 {[#]} 29. Qb7 $1 $16 {[%mdl 512]}) 28. Qe2 b4 29. axb4 Qxb4 30. Rxc7 Nxc7 31. Qf3 Rf8 32. Nc6 Qd6 33. Rc1 Nd5 34. Rc4 f6 (34... Ra8 {seems wilder.} 35. g3 g6 36. Ne5 Qe7 37. Kg2 Kg7) 35. b4 Ra8 {[#] ( -> ...Ra1+)} 36. g3 $1 {The position is equal.} Ra6 {White must now prevent ...b5.} 37. Ne5 {Strongly threatening Rc8+.} Ra8 38. Nc6 h6 39. Rc1 Kh8 40. Qe4 Rc8 41. b5 Ra8 42. Kg2 Kg8 43. h4 Kh8 44. Rc2 Qd7 45. Kh2 Qd6 46. Qg6 Nc7 47. Qf7 Rf8 48. Qh5 Ra8 49. Qf7 Rf8 50. Qh5 Ra8 51. Qf7 {Accuracy: White = 97%, Black = 100%.} 1/2-1/2

[Event "2nd Cairns Cup 2020"]
[Site "Saint Louis"]
[Date "2020.02.08"]
[Round "2.1"]
[White "Muzychuk, Mariya"]
[Black "Koneru, Humpy"]
[Result "1-0"]
[WhiteElo "2552"]
[BlackElo "2580"]
[Annotator "TA"]
[PlyCount "67"]
[EventDate "2020.02.07"]
[EventCountry "USA"]
[SourceTitle "playchess.com"]
[Source "ChessBase"]
[SourceQuality "1"]

1. e4 {[%emt 0:00:02]} e5 {[%emt 0:00:08]} 2. Nf3 {[%emt 0:00:20]} Nf6 {[%emt 0:00:11]} 3. d4 {[%emt 0:00:32]} Nxe4 {[%emt 0:00:13]} 4. Bd3 {[%emt 0:00:05]} d5 {[%emt 0:00:24]} 5. Nxe5 {[%emt 0:00:14]} Nd7 {[%emt 0:00:37][%cal Bb8d7,Bd7c5,Bc5d3][%mdl 32]} 6. Nc3 {[%emt 0:00:28]} Nxc3 {[%emt 0:00:47]} 7. bxc3 {[%emt 0:00:07]} Bd6 {[%emt 0:00:27]} 8. O-O {[%emt 0:08:06]} O-O {[%emt 0:00:16]} 9. Re1 {[%emt 0:10:27]} Bxe5 {[%emt 0:01:47] C43: Petroff Defence: 3 d4.} 10. dxe5 {[%emt 0:00:15] Qh5 is the strong threat.} Nc5 {[%emt 0:00:34]} 11. Rb1 $5 {[%emt 0:09:35][%mdl 4] Exploring less charted territory.} (11. Be3 {feels hotter.} Nxd3 12. cxd3 Qd7 13. d4 b6 14. Qc2) 11... Nxd3 {[%emt 0:09:26] The position is equal.} 12. cxd3 {[%emt 0:00:28]} b6 {[%emt 0:00:08]} 13. Rb4 {[%emt 0:00:56] [#]} Bf5 $146 {[%emt 0:11:06]} ({Predecessor:} 13... f5 14. exf6 Qxf6 15. Rf4 Bf5 16. Bd2 Qd6 17. Qf3 Bd7 18. Qh5 c6 19. Re5 Rxf4 20. Bxf4 {½-½ (80) Sokolov,A (2604)-Schandorff,L (2551) Germany 2001}) 14. Qf3 {[%emt 0:05:08]} c5 {[%emt 0:17:06]} 15. Rf4 {[%emt 0:03:11]} Bg6 {[%emt 0:01:02]} 16. h4 {[%emt 0:10:35]} h5 {[%emt 0:07:47]} 17. g4 {[%emt 0:04:37]} Qxh4 {[%emt 0:07:53]} 18. Qg2 {[%emt 0:10:06]} Qe7 {[%emt 0:16:00]} 19. gxh5 {[%emt 0:01:19]} Bxh5 {[%emt 0:00:16]} 20. Re3 {[%emt 0:06:05]} Rfe8 {[%emt 0:00:46]} 21. Qh2 {[%emt 0:13:25]} g6 {[%emt 0:10:59]} 22. Rf5 {[%emt 0:05:44]} Bg4 {[%emt 0:05:50]} 23. Rf4 {[%emt 0:00:58]} Bh5 {[%emt 0:01:04]} 24. e6 {[%emt 0:05:52]} fxe6 {[%emt 0:03:34]} 25. Rg3 {[%emt 0:00:04]} Kh7 {[%emt 0:02:33]} 26. Rh4 {[%emt 0:00:38]} Qf7 {[%emt 0:00:14]} 27. Rg5 {[%emt 0:00:56]} Rg8 {[%emt 0:00:43]} 28. Kf1 {[%emt 0:00:22]} Qf3 {[%emt 0:01:07]} 29. Rhxh5+ {[%emt 0:00:39]} gxh5 {[%emt 0:00:05]} 30. Qc7+ {[%emt 0:00:52]} Kh8 {[%emt 0:00:10]} 31. Qe5+ {[%emt 0:00:14]} Kh7 {[%emt 0:00:05]} 32. Rxh5+ {[%emt 0:00:37]} Kg6 {[%emt 0:00:06]} 33. Qg5+ {[%emt 0:00:39]} Kf7 {[%emt 0:00:17]} 34. Rh7+ {[%emt 0:00:05]} 1-0

[Event "2nd Cairns Cup 2020"]
[Site "Saint Louis"]
[Date "2020.02.08"]
[Round "2.2"]
[White "Harika, Dronavalli"]
[Black "Dzagnidze, Nana"]
[Result "1/2-1/2"]
[WhiteElo "2518"]
[BlackElo "2515"]
[Annotator "TA"]
[PlyCount "61"]
[EventDate "2020.02.07"]
[EventCountry "USA"]
[SourceTitle "playchess.com"]
[Source "ChessBase"]
[SourceQuality "1"]

{[%evp 11,61,23,17,4,18,14,8,5,11,7,27,34,41,45,30,39,44,0,10,1,1,4,7,1,2,2,16,0,0,0,18,0,0,0,0,0,0,0,0,0,0,0,0,0,0,0,0,0,0,0,0,0]} 1. d4 Nf6 2. c4 e6 3. Nf3 d5 4. g3 dxc4 5. Bg2 a6 6. O-O Nc6 7. Nbd2 {E04: Open Catalan: 5 Nf3.} Nxd4 8. Nxc4 Nxf3+ 9. Bxf3 Qxd1 10. Rxd1 Nd5 11. e4 Nb6 12. Nxb6 cxb6 13. e5 Bc5 {[#]} 14. Be3 $146 (14. Bg5 {with more complications.} Bd7 15. Bxb7 Ra7 16. Bc6 h6 17. Bh4) ({Predecessor:} 14. Bg5 f6 15. exf6 gxf6 16. Bh6 Ke7 17. Rac1 Rd8 18. Rxd8 Kxd8 {½-½ (50) Kovalenko,I (2646)-Kveinys,A (2491) Riga 2013}) 14... Bxe3 {The position is equal.} 15. fxe3 Bd7 16. Rd6 Bc6 17. Bxc6+ bxc6 $11 {[%mdl 4096] Endgame KRR-KRR} 18. Rc1 O-O 19. Rcxc6 b5 20. Rxa6 g5 21. Rxa8 (21. h3 {is more complex.} Rac8 22. Rdc6 Rcd8 23. Rab6 Rd5 24. Rb7) 21... Rxa8 {KR-KR} 22. Rb6 Rxa2 23. Rxb5 g4 24. Rb4 h5 25. h3 gxh3 26. Kh2 Ra5 27. Re4 Ra2 28. Rb4 Ra5 29. Re4 Ra2 30. Rb4 Ra5 31. Re4 {Accuracy: White = 95%, Black = 100%.} 1/2-1/2

[Event "2nd Cairns Cup 2020"]
[Site "Saint Louis"]
[Date "2020.02.08"]
[Round "2.3"]
[White "Ju, Wenjun"]
[Black "Krush, Irina"]
[Result "1/2-1/2"]
[WhiteElo "2583"]
[BlackElo "2422"]
[Annotator "TA"]
[PlyCount "147"]
[EventDate "2020.02.07"]
[EventCountry "USA"]
[SourceTitle "playchess.com"]
[Source "ChessBase"]
[SourceQuality "1"]

{[%evp 18,147,15,7,8,0,10,-18,0,0,0,-10,0,-8,0,-29,-15,-49,-37,-80,-89,-195,-30,-22,-12,-14,-21,-12,-9,-11,0,0,0,0,0,0,0,0,1,1,12,8,8,8,9,0,0,0,0,0,4,1,1,0,0,0,0,0,0,0,1,1,8,8,8,8,8,8,8,8,8,8,8,8,8,8,8,8,8,8,8,8,8,8,11,8,8,8,14,8,15,8,10,8,8,8,8,0,0,0,0,0,0,0,0,0,0,0,0,0,0,0,15,15,15,15,15,15,15,15,15,15,15,15,15,15,15,0,15,0,15,0]} 1. d4 d5 2. c4 dxc4 3. Nf3 Nf6 4. e3 e6 5. Bxc4 c5 6. O-O Nc6 7. Nc3 a6 8. Qe2 b5 9. Bb3 Bb7 10. Rd1 Be7 $1 {[%mdl 4] is recently more successful than 10...Qc7. D28: Queen's Gambit Accepted: Classical main line: 7 Qe2 with early ...Nc6.} 11. d5 exd5 12. Bxd5 {[#]} Qc8 $146 ({Predecessor:} 12... Nxd5 13. Nxd5 O-O 14. b4 Bf6 15. Nxf6+ Qxf6 16. Bb2 Qe7 17. bxc5 Qxc5 18. Rac1 Qe7 {½-½ (24) Bareev,E-Dlugy,M (2450) Belfort 1983}) 13. e4 O-O 14. Be3 Re8 15. Rac1 c4 16. a4 Nb4 17. axb5 axb5 18. Nxb5 Nfxd5 19. Rxc4 {[#]} (19. exd5 $17 Bxd5 20. Nc3) 19... Qb8 $2 (19... Bc6 $1 $19 {[%cal Rc6b5]} 20. Rxc6 Qxc6) 20. exd5 $11 Nxd5 {The position is equal.} 21. Nc3 Nxe3 22. Qxe3 Bf6 23. Qf4 Bxf3 24. Qxf3 Qxb2 25. Nd5 {Nc7 is the strong threat.} Ra1 {[#] ( -> ...Re1+)} 26. g3 Rxd1+ 27. Qxd1 h6 28. Qf3 Qe5 29. Rf4 {[%cal Rd5f6]} Re6 30. Kg2 Rd6 31. Ne3 {Threatens to win with Nc4.} Qe6 32. Nf5 {Black must now prevent Re4.} Ra6 33. h4 Kh8 34. h5 Kg8 35. Re4 (35. Rg4 {keeps more tension.} Kh8 36. Rb4 Ra5 37. Ne3 Bg5 38. Nc4) 35... Qc6 36. Re1 Qxf3+ 37. Kxf3 {[%mdl 4096] Endgame KRB-KRN} Ra8 38. Rb1 Bg5 39. Rb6 Rd8 40. Kg4 Bd2 41. f4 Bc3 42. Kf3 Kh7 43. Rb7 Kg8 44. Ra7 Bb2 45. Rc7 Bf6 46. Ke4 Kf8 47. Rc6 Be7 48. Ne3 Ba3 49. Rc7 Re8+ 50. Kf3 Rd8 51. Nc4 Bd6 52. Rb7 Kg8 53. Ke4 Kf8 54. Nb6 Ke8 55. g4 Rb8 56. Nc4 Rd8 $1 ({But not} 56... Bxf4 $2 57. Kxf4 Rd8 58. Ke5 $18) 57. f5 Kf8 58. Ne3 Be7 59. Nd5 Bg5 60. Nb6 Ke8 61. Rc7 Bf6 62. Rc8 (62. Nd5 {seems wilder.} Bh4 63. Rc1 Kd7 64. Ra1 Kd6 65. Ra6+) 62... Rxc8 63. Nxc8 {KB-KN} Bb2 64. Kd5 f6 65. Ke6 Kf8 66. Kd7 Ba3 67. Nb6 Bc5 68. Nd5 Ba3 69. Nf4 Kf7 70. Ne6 Bb2 71. Nd8+ $1 Kf8 72. Ne6+ Kf7 73. Nd8+ Kf8 74. Ne6+ {Accuracy: White = 92%, Black = 96%.} 1/2-1/2

[Event "2nd Cairns Cup 2020"]
[Site "Saint Louis"]
[Date "2020.02.08"]
[Round "2.4"]
[White "Gunina, Valentina"]
[Black "Kosteniuk, Alexandra"]
[Result "0-1"]
[WhiteElo "2461"]
[BlackElo "2504"]
[Annotator "TA"]
[PlyCount "80"]
[EventDate "2020.02.07"]
[EventCountry "USA"]
[SourceTitle "playchess.com"]
[Source "ChessBase"]
[SourceQuality "1"]

{[%evp 10,80,27,8,7,5,29,18,45,15,101,65,97,60,83,54,150,178,177,168,157,153,175,172,156,65,68,56,58,60,108,93,73,0,0,0,0,0,0,0,44,37,11,8,44,0,0,-9,0,-8,0,0,0,0,0,-8,-8,-522,-547,-470,-451,-1062,-1134,-375,0,-546,-524,-29948,-29944,-29966,-29967,-29978,-29979]} 1. e4 e5 2. Nf3 Nc6 3. Bb5 a6 4. Ba4 Nf6 5. d3 d6 6. c4 Bg4 {C77: Ruy Lopez: 3...a6 4 Ba4 Nf6, unusual lines.} 7. Be3 Nd7 8. h3 Bh5 {The position is equal.} 9. Nc3 {[#]} Qb8 $146 (9... Bxf3 $11 {remains equal.} 10. Qxf3 Be7) ({Predecessor:} 9... Be7 10. g4 Bg6 11. Qe2 h5 12. O-O-O b5 13. cxb5 axb5 14. Bxb5 Nb4 15. a3 c6 16. axb4 cxb5 {0-1 (34) Pirttimaki,T-Johnston,G Valetta 1980}) 10. Nd5 Qc8 11. g4 Bg6 12. Nh4 Nd8 ({Black should play} 12... Rb8 $14) 13. Bb6 $16 Ne6 {[#]} 14. Bxc7 $1 b5 15. cxb5 axb5 16. Bxb5 Nxc7 17. Rc1 (17. Nb6 $16 Nxb5 18. Nxc8 Rxc8 19. Rc1) 17... Nxb5 $14 18. Rxc8+ Rxc8 19. Qa4 ({Much worse is} 19. Nxg6 hxg6 20. Qa4 Nd4 $15) 19... Rb8 20. O-O Be7 21. Nxg6 (21. Nf3 $16) 21... hxg6 $11 22. Rc1 {Black must now prevent Nc7+.} Bd8 23. Qa6 O-O {[#] And now ...Nc5 would win.} 24. b4 $1 Nf6 25. Rc8 Rxc8 26. Qxc8 Nxd5 27. exd5 Nd4 28. a4 f5 {...Bh4 is the strong threat.} 29. g5 $1 e4 30. dxe4 Bxg5 31. Qc4 Nf3+ $1 32. Kg2 Ne5 33. Qc2 $2 {[%mdl 8192]} (33. Qa6 $11 {and White has nothing to worry.} fxe4 34. Qxd6) 33... fxe4 $19 34. Qxe4 Rf4 35. Qe1 (35. Qe3 $142 Rg4+ 36. hxg4 Bxe3 37. fxe3) 35... Bh4 36. b5 Nd3 $2 (36... Rxf2+ $19 37. Qxf2 Bxf2 38. Kxf2 Kf7) 37. Qe8+ $2 {[%mdl 8192]} (37. Qe3 $11 {and White stays safe.} Rxf2+ 38. Kh1) 37... Kh7 38. f3 Rxa4 {Black mates.} 39. f4 Ra2+ 40. Kf3 Ne1+ {Accuracy: White = 56%, Black = 69%.} 0-1

[Event "2nd Cairns Cup 2020"]
[Site "Saint Louis"]
[Date "2020.02.08"]
[Round "2.5"]
[White "Yip, Carissa"]
[Black "Lagno, Kateryna"]
[Result "0-1"]
[WhiteElo "2412"]
[BlackElo "2552"]
[Annotator "TA"]
[PlyCount "62"]
[EventDate "2020.02.07"]
[EventCountry "USA"]
[SourceTitle "playchess.com"]
[Source "ChessBase"]
[SourceQuality "1"]

{[%evp 17,62,0,0,0,10,12,12,4,12,0,10,0,3,2,1,0,0,0,0,6,15,0,0,0,0,0,5,-11,-14,-38,-36,-44,-38,-79,-96,-283,-289,-630,-570,-1197,-1042,-29996,-29993,-29997,-29991,-29994,-29992]} 1. e4 e5 2. Nf3 Nc6 3. d4 exd4 4. Nxd4 Nf6 5. Nxc6 bxc6 6. Bd3 d5 7. exd5 cxd5 8. O-O Be7 9. c4 O-O 10. cxd5 {C45: Scotch Game.} Bb7 11. Nc3 Nxd5 12. Bd2 {[#] The position is equal.} Qd7 $5 $146 {[%mdl 8] New and interesting.} ({Predecessor:} 12... Nxc3 13. Bxc3 Bf6 14. Bxf6 Qxf6 15. Qc2 g6 16. Qxc7 Qxb2 17. Rab1 Qd4 18. Rfd1 Bd5 19. Bxg6 {1-0 (28) Xiong,J (2712)-Sethuraman,S (2634) Saint Louis 2019}) 13. Qe2 Rfe8 14. Rfd1 Bd6 15. Qh5 Nf6 16. Qb5 Bc6 17. Qf5 Qxf5 18. Bxf5 Rab8 19. b3 Rbd8 20. Be1 g6 21. Bc2 a5 22. Rd3 Nh5 {next ...Nf4 is good for Black.} 23. g3 Nf6 24. Rad1 Ng4 {[#] Strongly threatening ...Ne5.} 25. Nd5 Re2 $36 {[%mdl 2048] ...Rde8 is the strong threat. Keeping White busy.} 26. Bb1 $2 (26. h3 $17) 26... Rde8 $19 27. Bxa5 $2 (27. Ne3) 27... Bc5 28. h3 Bxf2+ 29. Kf1 Nh2+ {Black mates.} 30. Kg2 Be3+ 31. Kh1 Nf3 {Accuracy: White = 48%, Black = 100%.} 0-1

[Event "2nd Cairns Cup 2020"]
[Site "Saint Louis"]
[Date "2020.02.09"]
[Round "3.1"]
[White "Lagno, Kateryna"]
[Black "Muzychuk, Mariya"]
[Result "1/2-1/2"]
[WhiteElo "2552"]
[BlackElo "2552"]
[Annotator "TA"]
[PlyCount "60"]
[EventDate "2020.02.07"]
[EventCountry "USA"]
[SourceTitle "playchess.com"]
[Source "ChessBase"]
[SourceQuality "1"]

{[%evp 18,60,24,9,37,18,45,33,27,29,21,33,43,54,45,60,68,53,68,62,42,48,122,117,116,53,95,65,66,65,45,60,65,70,104,0,0,0,0,0,0,0,0,0,0]} 1. e4 e5 2. Nf3 Nf6 3. Nxe5 d6 4. Nf3 Nxe4 5. d4 d5 6. Bd3 Bd6 7. O-O O-O 8. c4 c6 9. Re1 Bf5 10. Qb3 Nd7 {Recently 10...Qd7 got a lot of attention. C42: Petroff Defence: 3 Nxe5 and unusual White 3rd moves.} (10... Na6 {with more complications.} 11. cxd5 cxd5 12. Nc3 Nb4 13. Bxe4 dxe4 14. Bg5 Qb6) 11. cxd5 Ndc5 12. dxc5 Nxc5 {[%mdl 64] [#] Double Attack. White is slightly better.} 13. Bxf5 Nxb3 14. axb3 cxd5 15. Nc3 Qb6 16. Be3 $36 {[%mdl 2048] White is pushing.} Qxb3 17. Nd4 Qc4 {[#]} 18. Ra4 $146 {[%mdl 1024] White has compensation.} ({Predecessor:} 18. Bc2 Qc7 19. g3 Bc5 20. Red1 Rad8 21. Bb3 Rfe8 22. Rac1 Rc8 23. Bxd5 a6 24. Bf3 {½-½ (59) Travers,M-Dubois,Y ICCF email 2010}) 18... Qc7 $1 19. g3 Qd8 ({Black should try} 19... Bc5 $14) 20. Rd1 $16 ({Don't play} 20. Nxd5 $6 Bxg3 21. hxg3 Qxd5 $11) 20... Re8 21. Nf3 ({Resist} 21. Nxd5 Bc5 $14) ({Better is} 21. Ndb5 $16 Be5 22. Nxd5 (22. Rxd5 Qf6 $16)) 21... Qf6 22. Rxd5 {And now Bg5 would win.} Be5 $1 {[%cal Re5c3]} 23. Nxe5 Qxf5 24. Rf4 Qc2 25. Nxf7 Qxb2 {[#]} 26. Nh6+ (26. Bd4 $1 $16 Qc1+ 27. Kg2 Qxf4 {[%mdl 64] Remove Defender} 28. gxf4 Kxf7 29. Nb5) 26... gxh6 $11 {The position is equal.} 27. Rg4+ {[%mdl 64] Discovered Attack} Kf7 28. Rf4+ Kg8 29. Rg4+ {[%mdl 64] Discovered Attack} Kf7 30. Rf4+ Kg8 {Accuracy: White = 78%, Black = 78%.} 1/2-1/2